000 00773nam a2200217 a 4500
001 000043313
005 20201002040816.0
008 140307s2013 dr ac 000 0 spa d
040 _aDO-SdBNP
_bspa
_cBNPHU
082 _a306.766
_bB248h
100 1 _aBaret, Victor
_935108
245 1 3 _aLa homosexualidad :
_bdiferentes perspectivas /
_cVictor Baret ; prólogo Margaret Susan Oliver.
260 _aSanto Domingo :
_bBúho,
_c2013.
300 _a191 p. :
_bil., retrs. ;
_c22 cm.
500 _aIncluye referencias bibliográficas y notas al pie de las páginas
504 _aBibliografía : p. 190-191
590 _aInventariado,2018/DG
650 4 _aHomosexualidad
_91116
700 1 2 _aMargaret Susan Oliver,
_epról.
_970953
910 _aValidado. Control de calidad MFF
999 _c42802
_d42802